000 00428nam a2200181Ia 4500
008 231221s9999 xx 000 0 und d
020 _a9790000000000
041 _aEnglish
082 _a001.6424PYT LUT;2
100 _aLutz, Mark
245 0 _aProgramming Python
250 _a3rd ed.
260 _c2006
_bShroff
_aMumbai
300 _axLix, 1552+15
300 _c57095
650 _aProgramming,Python
942 _cCD
999 _c210406
_d210406